<?xml version="1.0" encoding="UTF-8"?>
<collection xmlns="http://www.loc.gov/MARC21/slim">
 <record>
  <leader>01526caa a2200337   4500</leader>
  <controlfield tag="001">593889134</controlfield>
  <controlfield tag="003">DE-627</controlfield>
  <controlfield tag="005">20230516205023.0</controlfield>
  <controlfield tag="007">tu</controlfield>
  <controlfield tag="008">090316s1999    xx ||||| o    00| ||ger c</controlfield>
  <datafield tag="035" ind1=" " ind2=" ">
   <subfield code="a">(DE-627)593889134</subfield>
  </datafield>
  <datafield tag="035" ind1=" " ind2=" ">
   <subfield code="a">(DE-576)9593889132</subfield>
  </datafield>
  <datafield tag="035" ind1=" " ind2=" ">
   <subfield code="a">(DE-599)GBV593889134</subfield>
  </datafield>
  <datafield tag="040" ind1=" " ind2=" ">
   <subfield code="a">DE-627</subfield>
   <subfield code="b">ger</subfield>
   <subfield code="c">DE-627</subfield>
   <subfield code="e">rakwb</subfield>
  </datafield>
  <datafield tag="041" ind1=" " ind2=" ">
   <subfield code="a">ger</subfield>
  </datafield>
  <datafield tag="100" ind1="1" ind2=" ">
   <subfield code="a">Benedik, Christian</subfield>
   <subfield code="d">1961-</subfield>
   <subfield code="0">(DE-588)129577596</subfield>
   <subfield code="0">(DE-627)511696205</subfield>
   <subfield code="0">(DE-576)171852176</subfield>
   <subfield code="4">aut</subfield>
  </datafield>
  <datafield tag="245" ind1="1" ind2="0">
   <subfield code="a">[Rezension von: Busch, Werner, Das sentimentalische Bild, die Krise der Kunst im 18. Jahrhundert und die Geburt der Moderne]</subfield>
   <subfield code="c">Christian Benedik</subfield>
  </datafield>
  <datafield tag="264" ind1=" " ind2="1">
   <subfield code="c">1999</subfield>
  </datafield>
  <datafield tag="336" ind1=" " ind2=" ">
   <subfield code="a">Text</subfield>
   <subfield code="b">txt</subfield>
   <subfield code="2">rdacontent</subfield>
  </datafield>
  <datafield tag="337" ind1=" " ind2=" ">
   <subfield code="a">ohne Hilfsmittel zu benutzen</subfield>
   <subfield code="b">n</subfield>
   <subfield code="2">rdamedia</subfield>
  </datafield>
  <datafield tag="338" ind1=" " ind2=" ">
   <subfield code="a">Band</subfield>
   <subfield code="b">nc</subfield>
   <subfield code="2">rdacarrier</subfield>
  </datafield>
  <datafield tag="655" ind1=" " ind2="7">
   <subfield code="a">Rezension</subfield>
   <subfield code="0">(DE-588)4049712-4</subfield>
   <subfield code="0">(DE-627)106186019</subfield>
   <subfield code="0">(DE-576)209083166</subfield>
   <subfield code="2">gnd-content</subfield>
  </datafield>
  <datafield tag="700" ind1="1" ind2=" ">
   <subfield code="a">Busch, Werner</subfield>
   <subfield code="d">1944-</subfield>
   <subfield code="0">(DE-588)124554547</subfield>
   <subfield code="0">(DE-627)363417826</subfield>
   <subfield code="0">(DE-576)216630592</subfield>
   <subfield code="4">oth</subfield>
  </datafield>
  <datafield tag="773" ind1="0" ind2="8">
   <subfield code="i">In</subfield>
   <subfield code="t">Zur Ausweitung des Horizonts</subfield>
   <subfield code="d">Wien : WUV, Universitätsverlag, 1999</subfield>
   <subfield code="g">(1999), Seite 265-267</subfield>
   <subfield code="h">274 Seiten</subfield>
   <subfield code="w">(DE-627)1604239700</subfield>
   <subfield code="w">(DE-576)078301351</subfield>
   <subfield code="z">9783851144437</subfield>
   <subfield code="z">3851144430</subfield>
   <subfield code="7">nnnm</subfield>
  </datafield>
  <datafield tag="773" ind1="1" ind2="8">
   <subfield code="g">year:1999</subfield>
   <subfield code="g">pages:265-267</subfield>
  </datafield>
  <datafield tag="787" ind1="0" ind2="8">
   <subfield code="i">Rezension von</subfield>
   <subfield code="a">Busch, Werner, 1944 - </subfield>
   <subfield code="t">Das sentimentalische Bild</subfield>
   <subfield code="d">München : Beck, 1993</subfield>
   <subfield code="h">537 S.</subfield>
   <subfield code="w">(DE-627)132193809</subfield>
   <subfield code="w">(DE-576)035542683</subfield>
   <subfield code="z">3406375545</subfield>
  </datafield>
  <datafield tag="935" ind1=" " ind2=" ">
   <subfield code="i">vzg4007</subfield>
  </datafield>
  <datafield tag="936" ind1="u" ind2="w">
   <subfield code="j">1999</subfield>
   <subfield code="h">265-267</subfield>
  </datafield>
  <datafield tag="951" ind1=" " ind2=" ">
   <subfield code="a">AR</subfield>
  </datafield>
  <datafield tag="991" ind1=" " ind2=" ">
   <subfield code="a">Rezension (Monographie, Zeitschrift, Aufsatz)</subfield>
  </datafield>
  <datafield tag="999" ind1=" " ind2=" ">
   <subfield code="a">KXP-PPN593889134</subfield>
   <subfield code="e">4001639157</subfield>
  </datafield>
 </record>
</collection>
